000 00955nam a2200289 i 4500
001 bg
003 BPK
005 20200518143645.0
008 030113s1974 pl a f |000 0 pol
015 _aPB 1975/1232
040 _aWA N
_cBPK
041 0 _apol
080 _a624.07:531
100 1 _aSieczkowski, Józef
_d(1928-2004)
_eAutor
245 1 0 _aPrzykłady obliczeń belek i ram metodą Crossa /
_cJózef Sieczkowski, Lech Łopieński.
250 _aWyd. 2 przeprac. i uzup. /
_bprzez J. Sieczkowskiego.
260 _aWarszawa :
_b"Arkady",
_c1974.
300 _a214, [1] s. :
_bil., tab., wykr. ;
_c25 cm.
504 _aBibliogr.
650 4 _aBelka
650 4 _aStatyka budowlana
650 4 _aRamy
700 1 _aŁopieński, Lech.
710 2 _aWydawnictwo "Arkady".
_4pbl.
856 _uhttp://koha.tu.koszalin.pl/cgi-bin/koha/opac-detail.pl?biblionumber=5214
_yKatalog online BPK
942 _2UKD
_cKA
999 _c5214
_d5214